Statistics for Countries with the Closest Population Number to Algeria

Click here to take the quiz!

General Stats

  • This quiz has been taken 9 times
  • The average score is 18 of 20

Answer Stats

HintAnswer% Correct
45,000,000Argentina
100%
51,874,000Colombia
100%
54,027,000Kenya
100%
46,000,000Sudan
100%
39,701,000Ukraine
100%
41,000,000Afghanistan
88%
35,000,000Angola
88%
38,000,000Canada
88%
44,000,000Iraq
88%
59,037,000Italy
88%
54,179,000Myanmar
88%
34,049,000Peru
88%
39,857,000Poland
88%
36,000,000Saudi Arabia
88%
59,893,000South Africa
88%
47,558,000Spain
88%
47,249,000Uganda
88%
37,000,000Morocco
75%
34,627,000Uzbekistan
75%
51,815,000South Korea
63%

Score Distribution

Percentile by Number Answered

Percent of People with Each Score

Your Score History

You have not taken this quiz